Name the Sport by the Ball - Statistics

General Stats
  • This quiz has been taken 59 times
  • The average score is 17 of 20
Answer Stats
Picture Answer % Correct
Basketball
100%
Baseball
98%
Football
98%
Golf
98%
Rugby
98%
Tennis
98%
Bowling
94%
Badminton
92%
Ice Hockey
92%
Pool
92%
Volleyball
92%
American Football
90%
Table Tennis
90%
Water Polo
86%
Curling
78%
Softball
68%
Cricket
64%
Pickleball
58%
Handball
48%
Hockey
42%
No matching quizzes found
Score Distribution
Percent of People with Each Score
Percentile by Number Answered
Your Score History
You have not taken this quiz